<?xml version="1.0" encoding="UTF-8"?>
<record
    xmlns:xsi="http://www.w3.org/2001/XMLSchema-instance"
    xsi:schemaLocation="http://www.loc.gov/MARC21/slim http://www.loc.gov/standards/marcxml/schema/MARC21slim.xsd"
    xmlns="http://www.loc.gov/MARC21/slim">

  <leader>00508nam a22001817a 4500</leader>
  <controlfield tag="003">PILC</controlfield>
  <controlfield tag="005">20160307154928.0</controlfield>
  <controlfield tag="008">160307b        xxu||||| |||| 00| 0 eng d</controlfield>
  <datafield tag="020" ind1=" " ind2=" ">
    <subfield code="a">9789719905806</subfield>
  </datafield>
  <datafield tag="050" ind1=" " ind2=" ">
    <subfield code="a">hF 5691 </subfield>
    <subfield code="b">.Si621 2014</subfield>
  </datafield>
  <datafield tag="100" ind1=" " ind2=" ">
    <subfield code="a">Sirug, Winston S.</subfield>
  </datafield>
  <datafield tag="245" ind1=" " ind2=" ">
    <subfield code="a">Mathematics of investment /</subfield>
    <subfield code="c">Winston S. Sirug.</subfield>
  </datafield>
  <datafield tag="260" ind1=" " ind2=" ">
    <subfield code="a">Manila :</subfield>
    <subfield code="b">Mindshapers Co., Inc.,</subfield>
    <subfield code="c">2014.</subfield>
  </datafield>
  <datafield tag="300" ind1=" " ind2=" ">
    <subfield code="a">366 pages ;</subfield>
    <subfield code="c">27 cm.</subfield>
  </datafield>
  <datafield tag="650" ind1=" " ind2=" ">
    <subfield code="a">Investment.</subfield>
  </datafield>
  <datafield tag="650" ind1=" " ind2=" ">
    <subfield code="a">Business mathematics.</subfield>
  </datafield>
  <datafield tag="942" ind1=" " ind2=" ">
    <subfield code="2">lcc</subfield>
    <subfield code="c">BK</subfield>
    <subfield code="k">LOC</subfield>
  </datafield>
  <datafield tag="999" ind1=" " ind2=" ">
    <subfield code="c">291468</subfield>
    <subfield code="d">291468</subfield>
  </datafield>
  <datafield tag="952" ind1=" " ind2=" ">
    <subfield code="0">0</subfield>
    <subfield code="1">0</subfield>
    <subfield code="2">lcc</subfield>
    <subfield code="4">0</subfield>
    <subfield code="a">CL</subfield>
    <subfield code="b">CL</subfield>
    <subfield code="c">FIL</subfield>
    <subfield code="d">2016-03-07</subfield>
    <subfield code="e">Library Fund</subfield>
    <subfield code="k">FIL</subfield>
    <subfield code="l">6</subfield>
    <subfield code="m">33</subfield>
    <subfield code="o">HF 5691  .Si621 2014</subfield>
    <subfield code="p">C20430</subfield>
    <subfield code="r">2022-07-05 00:00:00</subfield>
    <subfield code="s">2021-06-04</subfield>
    <subfield code="w">2016-03-07</subfield>
    <subfield code="y">BK</subfield>
  </datafield>
</record>
